Lana Del Rey No hints #2 - Statistics

General Stats
  • This quiz has been taken 93 times
  • The average score is 168 of 234
Answer Stats
Answer % Correct
I
100%
you
100%
You
100%
love
91%
the
90%
your
84%
when
83%
do
82%
me
82%
and
81%
I'm
81%
my
79%
for
75%
to
75%
it
74%
don't
73%
Don't
73%
of
73%
that
73%
you're
73%
girl
71%
All
69%
all
69%
cry
69%
Am
68%
'Cause
68%
men
68%
like
66%
Like
66%
pretty
66%
Pretty
66%
say
64%
they
64%
They
64%
what
64%
But
61%
dream
61%
I'll
61%
need
58%
stars
58%
can't
57%
make
57%
never
56%
said
56%
babe
55%
I've
55%
shine
55%
with
55%
again
52%
if
52%
just
52%
mean
52%
wait
52%
Because
51%
leave
51%
than
51%
that's
51%
those
51%
through
51%
come
49%
whole
49%
world
49%
this
48%
times
48%
feel
47%
got
45%
stronger
45%
Except
44%
really
43%
shit
42%
mind
40%
much
40%
little
39%
more
39%
drugs
38%
special
38%
compared
35%
spent
32%
live
31%
memories
31%
leaving
30%
best
17%
last
14%
No matching quizzes found
Score Distribution
Percent of People with Each Score
Percentile by Number Answered
Your Score History
You have not taken this quiz